000 00267nam a2200109Ia 4500
001 1276050
005 20260417160440.0
008 260417s9999 xx 000 0 und d
020 _a9786256495333
245 0 _aHadi
_cZeynep Betül Özaltın
260 _bKetebe Çocuk
999 _c1276050
_d1276050